| Tag |
First Indicator |
Second Indicator |
Subfields |
| LEADER |
00000cam a2200000 i 4500 |
| 001 |
in00000078892 |
| 005 |
20151008055138.0 |
| 008 |
771108s1972 xx a 00010 eng d |
| 035 |
|
|
|a (OCoLC)03402153
|
| 035 |
|
|
|9 AAJ2672AM
|
| 040 |
|
|
|a IWA
|c IWA
|d m.c.
|d TXA
|d UtOrBLW
|
| 049 |
|
|
|a TXAM
|c 1 [1481176], 2 [1502234]
|
| 090 |
|
|
|a TN687
|b .H82
|
| 100 |
1 |
|
|a Hubbard, Maurice Walter.
|
| 245 |
1 |
0 |
|a Steelmaking for steel founders :
|b induction furnace practice /
|c by M.W. Hubbard.
|
| 264 |
|
1 |
|a Sheffield, [England] :
|b Steel Castings Research and Trade Association,
|c 1972.
|
| 300 |
|
|
|a 35 pages :
|b illustrations ;
|c 21 cm.
|
| 336 |
|
|
|a text
|b txt
|2 rdacontent
|
| 337 |
|
|
|a unmediated
|b n
|2 rdamedia
|
| 338 |
|
|
|a volume
|b nc
|2 rdacarrier
|
| 490 |
1 |
|
|a Monograph / Steel Castings Research and Trade Association ; 1
|
| 500 |
|
|
|a Cover title.
|
| 504 |
|
|
|a Includes bibliographical references.
|
| 650 |
|
0 |
|a Induction furnaces.
|
| 740 |
0 |
|
|a Induction furnace practice.
|
| 830 |
|
0 |
|a Monograph (Steel Castings Research and Trade Association) ;
|v 1.
|
| 999 |
|
|
|a MARS
|
| 999 |
f |
f |
|s 77e79c80-d2be-3b85-9cc9-a6802283a94f
|i c4f93dc3-c0e8-3d38-a86a-16d80b9a5a3f
|t 0
|
| 952 |
f |
f |
|p ric
|a Texas A&M University
|b Rellis Campus
|c Joint Library Facility
|d Remote Storage
|t 0
|e TN687 .H82
|h Library of Congress classification
|i unmediated -- volume
|m A14806255074
|
| 998 |
f |
f |
|a TN687 .H82
|t 0
|l Remote Storage
|